| 000 | 00894nam a2200253 i 4500 | ||
|---|---|---|---|
| 001 | bg | ||
| 100 | 1 |
_aCameron, Rondo E. _d(1925-2001). |
|
| 245 | 1 | 0 |
_aHistoria gospodarcza świata : _bod paleolitu do czasów najnowszych / _cRondo Cameron ; z ang. przeł. Hanna Lisicka-Michalska, Mirosław Kluźniak. |
| 246 |
_iTyt. oryg.: _aA concise economic history of the World |
||
| 250 | _aWyd. 2. | ||
| 260 |
_aWarszawa : _b"Książka i Wiedza", _ccop. 1997. |
||
| 300 |
_a487, [1] s. : _bmapy, wykr. ; _c24 cm. |
||
| 500 | _aOryg. : "A concise economic history of the World" 1993. | ||
| 504 | _aBibliogr. s. 440-475. - Indeks. | ||
| 650 | 9 | _aHistoria gospodarcza | |
| 655 | _aPodręczniki akademickie | ||
| 020 | _a8305129411 | ||
| 040 | _cBPK | ||
| 041 | 1 |
_apl _hen |
|
| 080 | _a338.1(091)(075.8) | ||
| 920 | _a83-05-12941-1 | ||
| 942 | _cKS | ||
| 008 | s pl f |000 0 pol | ||
| 999 |
_c33280 _d33280 |
||
| 856 |
_uhttp://koha.tu.koszalin.pl/cgi-bin/koha/opac-detail.pl?biblionumber=33280 _yKatalog online BPK |
||